| 000 | 00481cam a22002052a 4500 | ||
|---|---|---|---|
| 001 | 012728 | ||
| 003 | AR-FADEU | ||
| 008 | 311216n1966####xxu####################dd | ||
| 020 | _a0-14-002514-6 | ||
| 092 |
_a894.511 _bM618h |
||
| 100 | _aMikes, George | ||
| 245 | _aHow to be an Alien | ||
| 260 | _aHarmondsworth | ||
| 260 | _bPenguin | ||
| 260 | _c1966 | ||
| 300 | _a88 p. : il. | ||
| 650 | _aLITERATURA HUNGARA; NOVELA/REVISADO/ | ||
| 546 | _ainglés | ||
| 942 | _cBDGR | ||
| 999 |
_c18496 _d18496 |
||